000 00753nam a2200241Ia 4500
003 OSt
005 20220923224144.0
006 a|||||r|||| 00| 0
007 ta
008 Pun
024 _a226,615
037 _cTextual
040 _aARTS
_cARTS
_bPun
041 _2Pun
_aPun
082 _aO153,3N17w,1, N9
100 _aਦੁੱਗਲ, ਕਰਤਾਰ ਸਿੰਘ
_9156274
245 0 _aਕਹਾਣੀਕਾਰ ਦੁੱਗਲ ਬਕੱਲਮ ॥ੁਦ
260 _aਦਿੱਲੀ
_b ਆਰਸੀ ਪਬਲੀFਰਗ਼
_c1999
300 _a208ਪੰ
_ccm.
650 _aਪੰਜਾਬੀ ਸਾਹਿਤ
942 _hO153,3N17w,1, N9
_cTEXL
_2CC
999 _c369580
_d369580